| 000 | 00604nam a22001817a 4500 | ||
|---|---|---|---|
| 005 | 20260227005936.0 | ||
| 008 | 260227b |||||||| |||| 00| 0 eng d | ||
| 020 | _a981 4096 03 2 | ||
| 040 | _cJHCSC | ||
| 082 | _a004.16 | ||
| 100 |
_910184 _aJohn Uffenbeck _eAuthor |
||
| 245 |
_aMicrocomputers and Microprocessors _bThe 8080,8085 and Z-80 Programming, Interface, and Troubleshooting |
||
| 250 |
_a3rd E _bedition |
||
| 260 |
_aJurong, Singapore _bPearson Education, Asia Pte Ltd, _c2001 |
||
| 300 |
_axix, 729 pages _bincludes Illustrations |
||
| 760 | _b3rd edition | ||
| 942 |
_2ddc _cBOOK _e3rd edition |
||
| 999 |
_c11369 _d11369 |
||